000 01277cam a22003377a 4500
003 CHAP
005 20220329141625.0
008 971013s1970 r 00010 d
010 _a71227
011 _a72199
035 _a81753
040 _cCHAP
082 _a634.92
_bC3
100 0 0 _aCámara Nacional de las Industrias Derivadas de la Silvicultura. México.
_924021
245 1 3 _aLa silvicultura nacional
_b: problemas nacionales y perspectivas para su desarrollo
260 _aMéxico, D.F. :
_bLa Cámara,
_c1970
300 _a(643) p.
590 _aBATCH-UPD
_b10
_c20130110
_lUCH01
_h0614
590 _aBATCH-UPD
_b10
_c20130410
_lUCH01
_h0256
590 _aBATCH-UPD
_b10
_c20130914
_lUCH01
_h0719
590 _aCONVERSION
_b10
_c20130109
_lUCH01
_h1339
650 1 4 _aBosques
_xAspectos económicos
_xMéxico.
_914076
650 1 4 _aBosques
_xMéxico.
_914341
650 1 4 _aPolítica forestal
_zMéxico.
_990610
650 1 4 _aSilvicultura
_xPublicaciones periódicas.
_9106124
901 _aBK
942 _cLIBRO
949 _a634.92 C3
_bBC
_cLIBRO
_d33724000232815
_eLIBRO
_h33054
_i81753
_si
949 _a634.92 C3
_bBC
_cLIBRO
_d33724000232823
_eLIBRO
_fc.2
_h33113
_i81753
_si
949 _a634.92 C3
_bBC
_cLIBRO
_d33724000923819
_eLIBRO
_fc.3
_h63018
_i81753
_mD Ing. de la Puente
_si
999 _c71227
_d71227